000 00574nam a2200205Ia 4500
003 GCL
008 140319s9999 xx 000 0 eng d
020 _a0394819640
040 _aGCL /
_cGCL
082 0 4 _a973.46092
_bB M
100 1 _aBARRETT, MARVIN
245 1 0 _aMEET THOMAS JEFFERSON /
_cBARRETT, MARVIN
700 1 _aFOGARTY, PAT
260 _aنيويورك :
_bRANDOM HOUSE INC, ،
_c1989
300 _a72 P
_bILL. ؛
_c18 cm.
490 _aSTEP UP BIOGRAPHIES
_v0
650 0 4 _aPRESIDENTS - U.S.A
650 0 4 _aJEFFERSON, THOMAS, 1743 - 1826
942 _2ddc
_cBK
999 _c4770
_d4770